000 00482nam a22001577a 4500
003 NUST
005 20260417110236.0
008 260417b ||||| |||| 00| 0 eng d
082 _a320.954
_bSHA
100 _aNadeem Shafiq Malik.
_91000
245 _aBrethren in Faith The All india Muslim League And The Palestine Issue (1917-1947) /
_cNadeem Shafiq Malik.
260 _aPakistan:
_bFiction House,
_c2015.
300 _a608 p ;
_c28.5 cm
563 _aHardcover
942 _2ddc
_cBK
999 _c617152
_d617152